Países que Terminan en R - Estadísticas

Estadísticas generales
  • Esta prueba ha sido intentada 9.975 veces
  • La puntuación promedio es 5 de 9
Estadísticas de respuestas
Continente País % Correcto
América del Sur Ecuador
87%
América del Norte El Salvador
69%
Asia Catar
64%
África Níger
55%
África Madagascar
48%
Asia Myanmar
47%
Asia Singapur
47%
Asia Corea del Sur
45%
África Sudán del Sur
36%
No se encontraron pruebas coincidentes
Distribución de puntuación
Porcentaje de gente con cada puntuación
Porcentaje por número respondido
Historial de tus puntuaciones
No has intentado esta prueba.